000 00619nam a2200205 4500
001 10
003 BD-RjUL
005 20211208233106.0
008 131116s1972 nyua b 001 0 eng
020 _a984701180063
035 _a(BD-RjUL)12
040 _aDLC
_cDLC
_dBD-RjUL
_beng
041 _aben
082 0 0 _a891.443
_223
_bALM 2010
100 1 _aআলী, মো. নোসাদ.
_930
245 1 0 _aমধ্য রাতের পদ্য/
_c মো. নোসাদ আলী,
260 _aঢাকা
_bজাবেদ ইমন
_c২০১০
300 _a৬৩ পৃ. :
_c২৪ সেমি.
942 _2ddc
_cBK
999 _c10
_d10